Hangman Game - Guess the Country! - Statistics

General Stats
  • This quiz has been taken 3,776 times
  • The average score is 6 of 7
Answer Stats
Answer % Correct
{A}
99%
{O}
91%
{R}
90%
{N}
89%
{W}
86%
{Y}
86%
NORWAY
68%
No matching quizzes found
Score Distribution
Percent of People with Each Score
Percentile by Number Answered
Your Score History
You have not taken this quiz